000 00381nam a22001337a 4500
082 _a297.4
_bKAN
100 _aKandihlwi, Mulana Muhammad Yousaf
_951065
245 _aحیاۃ الصحابہ
260 _aKarachi,
_bMaktab Al Shiekh,
_c2000.
300 _a751p,890p
526 _a0
_b0
_c0
_d297_400000000000000_KAN
526 _a0
_b0
_c0
_d297_400000000000000_KAN
942 _2ddc
_cBK
999 _c553810
_d553810